000 00460nam a22001817a 4500
003 MPLRDC
005 20220104124045.0
008 210129b ||||| |||| 00| 0 eng d
082 _a889 LMSJ v.1019
100 _a艾美. 杜瓦
245 _a戏里戏外
_c毕甄译
250 _a初版
260 _a
_b骏马文化公司
_c1989
300 _b
490 _a罗曼史集. 1019
650 _a西洋小说之中文翻译
942 _cBK
_o889 LMSJ v.1019
999 _c16307
_d16297